| 000 | 01302namaa22003131i 4500 | ||
|---|---|---|---|
| 003 | EG-GICUC | ||
| 005 | 20260309121905.0 | ||
| 008 | 260226s1991 le ||||jr|||| 000 0 ara d | ||
| 020 | _a91 /4 /3000 /135 | ||
| 040 |
_aEG-GiCUC _bara _cEG-GiCUC _dEG-GiCUC _erda |
||
| 082 | 0 | 4 |
_221 _a811.4 _bA3165 |
| 092 | 0 | 4 |
_221 _a811.4 _bA3165 |
| 099 | _a811.4 A3165 | ||
| 100 | 0 |
_aأبو العلاء المعري، _d973-1057 _eمؤلف. |
|
| 245 | 1 |
_aشرح ديوان حماسة أبى تمام / _c المنسوب أبى العلاء المعرى ؛ دراسة وتحقيق الدكتور حسين محمد نقشة |
|
| 264 |
_aبيروت (لبنان) : _bدار الغرب الاسلامى، _c1991 |
||
| 300 |
_a؛ (1-1321) 2 مجلد _c24 سم |
||
| 336 |
_2rdacontent _atext |
||
| 337 |
_2rdamedia _aUnmediated |
||
| 338 |
_2rdacarrier _avolume |
||
| 504 | _aيشتمل على ارجاعات ببليوجرافية | ||
| 541 |
_aد. جابر عصفور ؛ _bالقاهرة ؛ _cإهداء ؛ _d2024. |
||
| 600 |
_aابو تمام حبيب بن اوس الطائى, _dاشتهر808-842. _t الحماسة |
||
| 650 | 1 | 7 |
_aالشعر العربى _yالعصر العباسى _2qrmak |
| 651 | 1 | _2qrmak | |
| 700 | 1 |
_aنقشة، حسين محمد _eمحقق. |
|
| 905 | _aHuda | ||
| 942 |
_2ddc _cBK _e21 _n0 |
||
| 999 |
_c178744 _d178744 |
||